Naton jäsenvaltiot - Äkkikuolema - Statistics

Yleistilastot
  • Tätä visaa on pelattu 2 693 kertaa
  • Keskiarvotulos 19 / 32
Answers on the Grid
Answers color-coded by a green-red scale on the quiz's grid according to % correct below.
Alankomaat
Albania
Andorra
Belgia
Bulgaria
Espanja
Islanti
Israel
Italia
Kanada
Kreikka
Kroatia
Latvia
Liechtenstein
Liettua
Luxemburg
Meksiko
Moldova
Monaco
Montenegro
Norja
Pohjois-Makedonia
Portugali
Puola
Ranska
Romania
Ruotsi
Saksa
San Marino
Serbia
Slovakia
Slovenia
Suomi
Sveitsi
Taiwan
Tanska
Tšekki
Turkki
Ukraina
Unkari
Valko-Venäjä
Venäjä
Viro
Yhdistynyt kuningaskunta
Yhdysvallat
 
Vastaustilastot
Vastaus % Oikein
Alankomaat
85%
Espanja
81%
Suomi
78%
Italia
75%
Ruotsi
75%
Belgia
74%
Saksa
74%
Norja
72%
Ranska
69%
Tanska
68%
Kreikka
66%
Puola
66%
Latvia
65%
Viro
65%
Yhdysvallat
65%
Kanada
62%
Yhdistynyt kuningaskunta
60%
Liettua
58%
Portugali
58%
Islanti
56%
Slovakia
52%
Turkki
52%
Tšekki
51%
Kroatia
47%
Luxemburg
45%
Slovenia
44%
Unkari
43%
Romania
41%
Bulgaria
40%
Albania
31%
Pohjois-Makedonia
21%
Montenegro
19%
Ehtoja vastaavia visoja ei löytynyt
Tulosjakauma
Jokaisen tuloksen saaneiden osuus
Persentiili vastausten määrän mukaan
Tuloshistoriasi
Et ole pelannut tätä visaa